| 000 | 00723nam a2200193 i 4500 | ||
|---|---|---|---|
| 001 | 161435 | ||
| 003 | ES-MaACL | ||
| 005 | 20251108151907.0 | ||
| 008 | 041021s1893 fr |||| | fre d | ||
| 040 |
_aCAM _bspa _cCAM |
||
| 100 | 1 |
_aParis, Gaston, _d1839-1903 _989136 |
|
| 245 | 1 | 3 |
_aLa légende de Saladin / _cpar Gaston Paris. |
| 260 |
_aParis : _bÉmile Bouillon, éditeur, _c1893 ( _fImprimerie Nationale) |
||
| 300 |
_a48 p. ; _c28 cm. |
||
| 500 | _aExtrait du Journal des Savants - Mai à Août 1893. | ||
| 600 | 1 | 7 |
_aSaladino, _cSultán de Egipto y Siria _2 _9132315 |
| 852 |
_aES-MaACL _jT-1070-F-9 _z-- Enc. hol. conservando la cub. original _z-- Enc. en un vol. facticio |
||
| 999 |
_c161435 _d161435 |
||